000 00384nam a22001337a 4500
082 _a621.382
_bCOC
_cL-11, P-52
100 _aCocking, W.T
_941663
245 _aWireless sercicing manaual
_bCocking, W.T
260 _aLondon
_bIliffe & Sons Ltd
_c1936
300 _aviii, 268 p. :
_bill, ;
_c20 cm.
526 _a0
_b0
_c0
_d621_382000000000000_COC
650 _aMCE
_9379
942 _2ddc
_cBK
999 _c545745
_d545745